[Event "Vecindario Montalvo Memorial 16th"]
[Site "Vecindario"]
[Date "2024.03.25"]
[Round "3"]
[White "Arnaiz Yanes, Miguel Angel"]
[Black "Fernandez Hernandez, Javier"]
[Result "1-0"]
[WhiteElo "1947"]
[BlackElo "1690"]
[PlyCount "85"]
[EventDate "2024.03.23"]
[EventType "swiss"]
[EventRounds "9"]
[EventCountry "ESP"]
[SourceTitle "CB15_2024"]
[SourceDate "2024.04.10"]
[SourceVersion "1"]
[SourceVersionDate "2024.04.10"]
[SourceQuality "1"]

1. d4 d5 2. Nf3 Nf6 3. Bg5 Ne4 4. Bh4 Nd7 5. Nbd2 Ndf6 6. e3 c6 7. Bd3 Qb6 8. Rb1 g6 9. 0-0 Bg7 10. c4 Bf5 11. Qc2 Nxd2 12. Nxd2 Bxd3 13. Qxd3 0-0 14. c5 Qd8 15. b4 a6 16. a4 Qd7 17. h3 Ne8 18. b5 axb5 19. axb5 e5 20. Bg3 exd4 21. exd4 cxb5 22. Nf3 Nc7 23. Bxc7 Qxc7 24. Rb3 b4 25. Rxb4 Ra4 26. Rb5 Qe5 27. Rfb1 Qf4 28. g3 Qf6 29. Rxb7 Qd8 30. Kg2 Qa8 31. R1b3 Rc4 32. R7b4 Qa6 33. Nd2 Qa8 34. Qf3 Rc1 35. Qf4 Qa1 36. Rb1 Rxb1 37. Nxb1 Rc8 38. Nd2 Qc3 39. Ra4 Qc2 40. Ra7 f6 41. Nf3 f5 42. Qd6 Qe4 43. Qd7 1-0

[Event "Vecindario Montalvo Memorial 16th"]
[Site "Vecindario"]
[Date "2024.03.24"]
[Round "2"]
[White "Van Zyl Rudd, Jack"]
[Black "Arnaiz Yanes, Miguel Angel"]
[Result "1-0"]
[WhiteElo "2264"]
[BlackElo "1947"]
[PlyCount "147"]
[EventDate "2024.03.23"]
[EventType "swiss"]
[EventRounds "9"]
[EventCountry "ESP"]
[SourceTitle "CB15_2024"]
[SourceDate "2024.04.10"]
[SourceVersion "1"]
[SourceVersionDate "2024.04.10"]
[SourceQuality "1"]

1. e4 e5 2. Nf3 Nc6 3. Bb5 f5 4. Nc3 fxe4 5. Nxe4 d5 6. Nxe5 dxe4 7. Nxc6 Qg5 8. Qe2 Nf6 9. Nxa7+ Bd7 10. Bxd7+ Nxd7 11. f4 Qc5 12. Nb5 0-0-0 13. Nc3 Nf6 14. Qb5 Qd4 15. Qe5 Qb6 16. a4 Bd6 17. Qf5+ Kb8 18. a5 Qa6 19. Rf1 Bb4 20. Nd1 Bxd2+ 21. Bxd2 Rxd2 22. Rf2 Rd5 23. Qh3 Rxa5 24. Rxa5 Qxa5+ 25. Qc3 Qh5 26. h3 e3 27. Rf3 Re8 28. Rxe3 Qh4+ 29. Nf2 Qxf4 30. Rxe8+ Nxe8 31. Nd3 Qe3+ 32. Kf1 Nf6 33. Qe1 Qd4 34. Qf2 Qd6 35. Kg1 h6 36. Qe3 Qc6 37. c3 Qd6 38. Nf2 Qd7 39. c4 Qd6 40. b3 b6 41. Nd3 Nd7 42. b4 c5 43. bxc5 bxc5 44. Qe4 Kc7 45. Nf4 Nf6 46. Qf5 Qd4+ 47. Kh2 Qxc4 48. Ne6+ Kb6 49. Nxg7 Nd5 50. Ne6 Ne3 51. Qe5 Qc1 52. Qb8+ Kc6 53. Qc7+ Kd5 54. Nf4+ Kc4 55. Qxc5+ Kxc5 56. Nd3+ Kd4 57. Nxc1 Ke4 58. Ne2 Kf5 59. Kg3 Kg5 60. Kf3 Nf5 61. g3 h5 62. Nc3 Nd4+ 63. Ke4 Nf5 64. Kf3 Nd4+ 65. Kf2 Nf5 66. Ne4+ Kg6 67. Kf3 Nd4+ 68. Kf4 Ne2+ 69. Ke3 Ng1 70. h4 Kf5 71. Ng5 Kg4 72. Kf2 Ne2 73. Kxe2 Kxg3 74. Nf3 1-0

[Event "Gran Canaria Vecindario op 1st"]
[Site "Gran Canaria"]
[Date "2023.11.04"]
[Round "4"]
[White "Marrero Cardenes, Agustin"]
[Black "Arnaiz Yanes, Miguel Angel"]
[Result "1-0"]
[WhiteElo "2076"]
[BlackElo "1792"]
[PlyCount "55"]
[EventDate "2023.11.04"]
[EventType "swiss"]
[EventRounds "9"]
[EventCountry "ESP"]
[SourceTitle "CB46_2023"]
[SourceDate "2023.11.15"]
[SourceVersion "1"]
[SourceVersionDate "2023.11.15"]
[SourceQuality "1"]

1. d4 Nf6 2. Nf3 d5 3. e3 Bg4 4. c4 c6 5. Nbd2 e6 6. Qb3 Qb6 7. c5 Qxb3 8. axb3 Nbd7 9. b4 Bxf3 10. Nxf3 Be7 11. b5 cxb5 12. Bxb5 0-0 13. b4 a6 14. Be2 Ne4 15. Bb2 Rfc8 16. 0-0 h6 17. Ra3 Rab8 18. Rfa1 g5 19. Bd3 f5 20. b5 axb5 21. Bxb5 Nf8 22. Ne5 Kg7 23. Ra7 Ng6 24. Nd7 Bf6 25. Nxb8 Rxb8 26. c6 Ne7 27. Rxb7 Rc8 28. Ba3 1-0

[Event "Tenerife-chT Tercera"]
[Site "Tenerife"]
[Date "2023.05.20"]
[Round "15"]
[White "Arnaiz Yanes, Miguel Angel"]
[Black "Padron Perez, Cayetano"]
[Result "1-0"]
[WhiteElo "1908"]
[BlackElo "1414"]
[PlyCount "79"]
[EventDate "2023.01.14"]
[EventType "team-tourn"]
[EventRounds "15"]
[EventCountry "ESP"]
[SourceTitle "EXT 2024"]
[Source "ChessBase"]
[SourceDate "2023.10.10"]
[SourceVersion "1"]
[SourceVersionDate "2023.10.10"]
[SourceQuality "1"]
[WhiteTeam "Canarias 64 II"]
[BlackTeam "Benito"]
[WhiteTeamCountry "ESP"]
[BlackTeamCountry "ESP"]

1. d4 Nf6 2. Nf3 g6 3. Bg5 Bg7 4. e3 0-0 5. Bd3 d6 6. 0-0 Nbd7 7. Nbd2 c6 8. c3 b6 9. Re1 Qc7 10. h3 Re8 11. Rc1 e5 12. e4 h6 13. Bh4 Nh5 14. Bb1 Nf4 15. Bg3 Ba6 16. Bxf4 exf4 17. Qb3 Nf6 18. e5 Nd5 19. c4 Ne7 20. Qa3 Qb7 21. exd6 Nf5 22. Bxf5 gxf5 23. Ne5 c5 24. Qd3 f6 25. Ng6 Qd7 26. dxc5 Bb7 27. b4 bxc5 28. Nxf4 cxb4 29. c5 Bc6 30. Qc4+ Kh7 31. Qxb4 Re5 32. Qc3 Rae8 33. Rxe5 fxe5 34. Nh5 Bh8 35. Re1 Rg8 36. Ng3 e4 37. Qc2 Rg5 38. Ndxe4 fxe4 39. Nxe4 Rf5 40. Ng3 1-0

[Event "ESP-ch 86th"]
[Site "Linares"]
[Date "2021.08.24"]
[Round "9"]
[White "Arnaiz Yanes, Miguel Angel"]
[Black "Lopez Varela, Pablo"]
[Result "0-1"]
[WhiteElo "1921"]
[BlackElo "2182"]
[PlyCount "92"]
[EventDate "2021.08.16"]
[EventType "swiss"]
[EventRounds "9"]
[EventCountry "ESP"]
[SourceTitle "CBM 204 Extra"]
[Source "ChessBase"]
[SourceDate "2021.11.30"]
[SourceVersion "1"]
[SourceVersionDate "2021.11.30"]
[SourceQuality "1"]

1. d4 Nf6 2. Nf3 d6 3. Bg5 Nbd7 4. Nbd2 g6 5. e3 Bg7 6. Bd3 b6 7. Qe2 Bb7 8. Ba6 Qc8 9. Bxb7 Qxb7 10. c3 0-0 11. 0-0 Rae8 12. h3 e5 13. dxe5 dxe5 14. Bxf6 Nxf6 15. Rad1 h6 16. Nb3 Kh7 17. Rd2 Ne4 18. Rdd1 f5 19. Qc4 Nf6 20. Rfe1 g5 21. Nh2 Kh8 22. Re2 Qc8 23. Nd2 e4 24. Ndf1 Nd7 25. Ng3 Ne5 26. Qa4 Nd3 27. Red2 Be5 28. Nf3 Nc5 29. Qc6 Re6 30. Nxe5 Rxc6 31. Nxc6 Nd3 32. f3 Qe8 33. Nd4 Ne5 34. fxe4 fxe4 35. b3 Qg6 36. Nb5 Qc6 37. c4 a6 38. Nd4 Qg6 39. Nde2 h5 40. Nc3 h4 41. Ngxe4 g4 42. Kh1 gxh3 43. gxh3 Qf5 44. Nf2 Qf3+ 45. Kh2 Qg3+ 46. Kh1 Nf3 0-1

[Event "Tenerife-chT Preferente 1920"]
[Site "Tenerife"]
[Date "2020.03.07"]
[Round "8.4"]
[White "Rodriguez Redondo, Ethan"]
[Black "Arnaiz Yanes, Miguel Angel"]
[Result "1/2-1/2"]
[WhiteElo "1927"]
[BlackElo "1897"]
[PlyCount "83"]
[EventDate "2019.11.30"]
[EventType "team-tourn"]
[EventRounds "14"]
[EventCountry "ESP"]
[SourceTitle "CBM 195 Extra"]
[Source "ChessBase"]
[SourceDate "2020.05.31"]
[SourceVersion "1"]
[SourceVersionDate "2020.05.31"]
[SourceQuality "1"]
[WhiteTeam "Fundacion La Caja de Canarias"]
[BlackTeam "Canarias 64"]
[WhiteTeamCountry "ESP"]
[BlackTeamCountry "ESP"]

1. e4 e5 2. Nf3 Nc6 3. d4 exd4 4. Nxd4 Bc5 5. Nb3 Bb6 6. Nc3 Qh4 7. Qe2 Nge7 8. Be3 d6 9. 0-0-0 Be6 10. g3 Qf6 11. Nd5 Bxd5 12. exd5 Ne5 13. f4 N5g6 14. Bd2 0-0 15. Bc3 Qf5 16. Qc4 a6 17. Bg2 Qg4 18. Qf1 Qd7 19. Nd4 Qa4 20. Kb1 c5 21. Nf3 Nf5 22. Qf2 Rfe8 23. Rhe1 Ba5 24. Bxa5 Qxa5 25. c3 b5 26. g4 Nh6 27. Qg3 Qa4 28. f5 Ne5 29. h3 f6 30. b3 Qa3 31. Nxe5 Rxe5 32. Rxe5 fxe5 33. Qf2 Nf7 34. h4 a5 35. Qb2 Qxb2+ 36. Kxb2 Kf8 37. Re1 Ke7 38. Be4 h6 39. Kc2 Rc8 40. Rg1 Rh8 41. Kd3 Kf6 42. Ke3 1/2-1/2

[Event "Tenerife-chT Preferente 1819"]
[Site "Tenerife"]
[Date "2019.04.06"]
[Round "13.4"]
[White "Arnaiz Yanes, Miguel Angel"]
[Black "Ramos Aguilar, Jose Manuel"]
[Result "1/2-1/2"]
[WhiteElo "1840"]
[BlackElo "2094"]
[PlyCount "156"]
[EventDate "2018.11.24"]
[EventType "team-tourn"]
[EventRounds "14"]
[EventCountry "ESP"]
[SourceTitle "CBM 189 Extra"]
[Source "ChessBase"]
[SourceDate "2019.06.03"]
[SourceVersion "1"]
[SourceVersionDate "2019.06.03"]
[SourceQuality "1"]
[WhiteTeam "Canarias 64"]
[BlackTeam "Ebano Barrio Nuevo"]
[WhiteTeamCountry "ESP"]
[BlackTeamCountry "ESP"]

1. d4 Nf6 2. Nf3 g6 3. Bg5 Bg7 4. e3 c5 5. c3 0-0 6. Nbd2 d5 7. Bd3 Nbd7 8. 0-0 b6 9. Re1 Bb7 10. h3 Ne4 11. Bf4 f6 12. dxc5 Nxd2 13. Nxd2 Nxc5 14. Be2 e5 15. Bh2 Qe7 16. b4 Ne6 17. Qb3 Kh8 18. e4 d4 19. Bc4 dxc3 20. Qxc3 Rac8 21. Qa3 Nd4 22. Qb2 Rfd8 23. Rad1 Bh6 24. Bd3 Nc2 25. Bxc2 Bxd2 26. Re2 Bxb4 27. Bg3 Ba6 28. Re3 Rxd1+ 29. Bxd1 Qc5 30. Kh2 Kg7 31. Rf3 Rd8 32. Qb3 Bc4 33. Qa4 b5 34. Qa6 Qb6 35. Qxb6 axb6 36. Bb3 Rd4 37. a3 Bd2 38. Bc2 g5 39. Rf5 Kg6 40. h4 h6 41. h5+ Kxh5 42. Rxf6 Bf4 43. Bxf4 gxf4 44. Rf5+ Kg6 45. Rxe5 Rd2 46. Bb3 Bxb3 47. Rxb5 Bc4 48. Rxb6+ Kg5 49. Rc6 Bf7 50. Rc5+ Kg6 51. f3 Ra2 52. Rf5 Rxa3 53. Rxf4 Ra2 54. Rg4+ Kf6 55. Rf4+ Kg7 56. Rg4+ Kf6 57. Rf4+ Ke7 58. Kg3 Re2 59. Rh4 h5 60. Rh2 Kf6 61. Rh1 Bg6 62. Ra1 Bf7 63. Ra5 Rb2 64. Rc5 Ra2 65. Rf5+ Kg6 66. Rc5 Re2 67. Rc6+ Kg7 68. Rc5 Re1 69. Rc2 Rh1 70. Re2 Kf6 71. Rb2 Be6 72. Rb6 h4+ 73. Kf2 Ra1 74. f4 Ra2+ 75. Kf3 Ra3+ 76. Kf2 Ke7 77. f5 Bf7 78. Rh6 Ra2+ 1/2-1/2

[Event "Tenerife-chT Preferente 1819"]
[Site "Tenerife"]
[Date "2019.03.30"]
[Round "12.4"]
[White "Svensson del Pino, German"]
[Black "Arnaiz Yanes, Miguel Angel"]
[Result "1/2-1/2"]
[WhiteElo "1934"]
[BlackElo "1840"]
[PlyCount "28"]
[EventDate "2018.11.24"]
[EventType "team-tourn"]
[EventRounds "14"]
[EventCountry "ESP"]
[SourceTitle "CBM 189 Extra"]
[Source "ChessBase"]
[SourceDate "2019.06.03"]
[SourceVersion "1"]
[SourceVersionDate "2019.06.03"]
[SourceQuality "1"]
[WhiteTeam "Rey Ahogado"]
[BlackTeam "Canarias 64"]
[WhiteTeamCountry "ESP"]
[BlackTeamCountry "ESP"]

1. e4 e5 2. Nf3 Nc6 3. Bc4 Bc5 4. d3 Nf6 5. c3 d6 6. b4 Bb6 7. Nbd2 0-0 8. 0-0 Ne7 9. a4 a5 10. b5 Ng6 11. Ba2 Qe7 12. Nc4 Bc5 13. Be3 Bxe3 14. Nxe3 b6 1/2-1/2

[Event "ESP-ch 83rd"]
[Site "Linares"]
[Date "2018.08.21"]
[Round "2"]
[White "Vergara Anton, Diego"]
[Black "Arnaiz Yanes, Miguel Angel"]
[Result "1/2-1/2"]
[WhiteElo "2022"]
[BlackElo "1850"]
[PlyCount "75"]
[EventDate "2018.08.20"]
[EventType "swiss"]
[EventRounds "9"]
[EventCountry "ESP"]
[SourceTitle "CBM 186 Extra"]
[Source "ChessBase"]
[SourceDate "2018.08.24"]
[SourceVersion "1"]
[SourceVersionDate "2018.08.24"]
[SourceQuality "1"]

1. d4 d5 2. c4 c6 3. Nf3 Nf6 4. Nc3 e6 5. Bg5 Be7 6. e3 0-0 7. Qc2 Nbd7 8. Be2 Re8 9. 0-0 h6 10. Bh4 Nf8 11. Ne5 dxc4 12. Bxc4 Nd5 13. Bxe7 Qxe7 14. Nxd5 exd5 15. Bd3 a6 16. Rab1 c5 17. Rbc1 cxd4 18. exd4 Be6 19. Qb3 Rac8 20. f4 f6 21. Nf3 Bf7 22. Rxc8 Rxc8 23. Re1 Qc7 24. g3 b5 25. Qa3 Qb6 26. Bf5 Be6 27. Qd3 Bxf5 28. Qxf5 Rd8 29. Qd3 Kf7 30. Qe3 Qd6 31. Nh4 g6 32. Qd3 Rd7 33. Ng2 Re7 34. Rxe7+ Qxe7 35. Ne3 Qe4 36. Qb3 Ne6 37. Nxd5 Qxd4+ 38. Ne3 1/2-1/2

[Event "ESP-ch 83rd"]
[Site "Linares"]
[Date "2018.08.20"]
[Round "1"]
[White "Arnaiz Yanes, Miguel Angel"]
[Black "Calzetta Ruiz, Monica"]
[Result "0-1"]
[WhiteElo "1850"]
[BlackElo "2302"]
[PlyCount "86"]
[EventDate "2018.08.20"]
[EventType "swiss"]
[EventRounds "9"]
[EventCountry "ESP"]
[SourceTitle "CBM 186 Extra"]
[Source "ChessBase"]
[SourceDate "2018.08.24"]
[SourceVersion "1"]
[SourceVersionDate "2018.08.24"]
[SourceQuality "1"]

1. d4 Nf6 2. Nf3 g6 3. Bg5 Bg7 4. e3 0-0 5. Bd3 d6 6. Nbd2 Nbd7 7. 0-0 h6 8. Bh4 e5 9. dxe5 dxe5 10. Ne4 Qe8 11. Bxf6 Nxf6 12. Nxf6+ Bxf6 13. Nd2 Bg7 14. Qe2 Qe7 15. c3 Be6 16. Bc4 Rad8 17. Bxe6 Qxe6 18. Nb3 b6 19. Rfd1 a5 20. Rxd8 Rxd8 21. Rd1 Rd5 22. Nc1 e4 23. Rxd5 Qxd5 24. a3 b5 25. g3 h5 26. h4 c5 27. Qxb5 Qd1+ 28. Qf1 Qc2 29. b4 Qxc3 30. bxa5 Qxa5 31. Qc4 Qxa3 32. Nb3 Qb4 33. Qc2 Bc3 34. Kf1 Qc4+ 35. Kg2 Qb4 36. Kf1 Qc4+ 37. Kg2 Qd3 38. Qa2 Qd5 39. Qc2 c4 40. Nc5 Bg7 41. Na4 Qd3 42. Qc1 c3 43. Nc5 Qd5 0-1

[Event "Canarias-ch"]
[Site "Santa Cruz de Tenerife"]
[Date "2018.05.13"]
[Round "6"]
[White "Arnaiz Yanes, Miguel Angel"]
[Black "Guerra Arrocha, Daniel"]
[Result "0-1"]
[WhiteElo "1861"]
[BlackElo "2164"]
[PlyCount "98"]
[EventDate "2018.05.10"]
[EventType "swiss"]
[EventRounds "6"]
[EventCountry "ESP"]
[SourceTitle "EXT 2022"]
[Source "ChessBase"]
[SourceDate "2021.10.06"]
[SourceVersion "1"]
[SourceVersionDate "2021.10.06"]
[SourceQuality "1"]

1. d4 Nf6 2. Nf3 d6 3. Bg5 Ne4 4. Bf4 c5 5. dxc5 Qa5+ 6. c3 dxc5 7. Nbd2 Nxd2 8. Qxd2 Nc6 9. e4 Bg4 10. Be2 Rd8 11. Qc2 Bxf3 12. Bxf3 e5 13. Bg5 Nd4 14. Qd1 f6 15. Bh5+ Ke7 16. Bd2 Ne6 17. Qb3 Qa6 18. 0-0-0 g6 19. Bg4 c4 20. Qc2 Qxa2 21. Be3 Bg7 22. g3 Qa1+ 23. Qb1 Qa5 24. Rxd8 Rxd8 25. Rd1 Rxd1+ 26. Kxd1 a6 27. Ke1 Qa4 28. Qc1 Qc6 29. Qd1 Bf8 30. Qd5 Qxd5 31. exd5 Nd8 32. Bc8 Kd6 33. Bb6 Be7 34. Bxd8 Bxd8 35. Bxb7 a5 36. Ke2 f5 37. h3 Bg5 38. Kd1 e4 39. Kc2 Bd8 40. Kd1 h5 41. h4 g5 42. hxg5 Bxg5 43. Bc8 f4 44. gxf4 Bxf4 45. Be6 Ke5 46. Bf7 h4 47. d6 h3 48. d7 Bg5 49. f4+ Kxf4 0-1

[Event "Canarias-chT"]
[Site "San Cristobal de La Laguna"]
[Date "2017.06.23"]
[Round "2.3"]
[White "Kraus, Oliver"]
[Black "Arnaiz Yanes, Miguel Angel"]
[Result "1-0"]
[WhiteElo "2019"]
[BlackElo "1904"]
[PlyCount "97"]
[EventDate "2017.06.22"]
[EventType "team-swiss"]
[EventRounds "6"]
[EventCountry "ESP"]
[SourceTitle "EXT 2024"]
[Source "ChessBase"]
[SourceDate "2023.10.10"]
[SourceVersion "1"]
[SourceVersionDate "2023.10.10"]
[SourceQuality "1"]
[WhiteTeam "Rey Ahogado"]
[BlackTeam "Canarias 64"]
[WhiteTeamCountry "ESP"]
[BlackTeamCountry "ESP"]

1. d4 Nf6 2. Nf3 d5 3. c4 c6 4. e3 e6 5. b3 Ne4 6. Bd3 Bb4+ 7. Nbd2 Qa5 8. Qc2 f5 9. 0-0 0-0 10. a3 Be7 11. Bb2 Nd7 12. b4 Qd8 13. Rac1 Ndf6 14. Ne5 Bd7 15. f3 Nxd2 16. Qxd2 Be8 17. cxd5 cxd5 18. Rc3 a5 19. b5 Bd6 20. Rfc1 Nd7 21. R3c2 Qe7 22. Ra1 Nxe5 23. dxe5 Bc5 24. Kh1 Bd7 25. a4 Rfc8 26. Rac1 Bb4 27. Rxc8+ Rxc8 28. Rxc8+ Bxc8 29. Qc2 Qd8 30. Bd4 Bd7 31. g3 Qc8 32. Kg2 g6 33. Kf2 Qxc2+ 34. Bxc2 Kf7 35. Ke2 h6 36. Kd3 Ke7 37. Bb6 g5 38. g4 fxg4 39. fxg4 Be8 40. Kd4 Bd2 41. Bh7 Bf7 42. Bc5+ Ke8 43. e4 Be1 44. Kd3 h5 45. h3 h4 46. exd5 exd5 47. Bf5 Bg3 48. e6 Bg8 49. Bg6+ 1-0

[Event "Canarias-chT"]
[Site "San Cristobal de La Laguna"]
[Date "2017.06.22"]
[Round "1.2"]
[White "Jimenez Mendoza, Jose Miguel"]
[Black "Arnaiz Yanes, Miguel Angel"]
[Result "1-0"]
[WhiteElo "1772"]
[BlackElo "1904"]
[PlyCount "47"]
[EventDate "2017.06.22"]
[EventType "team-swiss"]
[EventRounds "6"]
[EventCountry "ESP"]
[SourceTitle "EXT 2024"]
[Source "ChessBase"]
[SourceDate "2023.10.10"]
[SourceVersion "1"]
[SourceVersionDate "2023.10.10"]
[SourceQuality "1"]
[WhiteTeam "Maspalomas"]
[BlackTeam "Canarias 64"]
[WhiteTeamCountry "ESP"]
[BlackTeamCountry "ESP"]

1. e4 e5 2. Nf3 Nc6 3. Bb5 f5 4. d3 fxe4 5. dxe4 Nf6 6. Bg5 h6 7. Bxf6 Qxf6 8. 0-0 a6 9. Ba4 b5 10. Bb3 Bb7 11. Nc3 0-0-0 12. a4 Na7 13. axb5 Nxb5 14. Nxb5 axb5 15. Qe2 c6 16. Qe3 c5 17. Bd5 Be7 18. Ra5 Qb6 19. Rfa1 d6 20. Bxb7+ Kxb7 21. Qd3 Qc6 22. Ra7+ Kc8 23. R1a6 Qe8 24. Qd5 1-0

[Event "Tenerife-chT Preferente 1617"]
[Site "Tenerife"]
[Date "2017.03.25"]
[Round "10.3"]
[White "Hernandez Leon, Sergio"]
[Black "Arnaiz Yanes, Miguel Angel"]
[Result "1-0"]
[WhiteElo "2058"]
[BlackElo "1936"]
[PlyCount "93"]
[EventDate "2016.12.10"]
[EventType "team-tourn"]
[EventRounds "14"]
[EventCountry "ESP"]
[SourceTitle "EXT 2018"]
[Source "ChessBase"]
[SourceDate "2017.10.13"]
[SourceVersion "1"]
[SourceVersionDate "2017.10.13"]
[SourceQuality "1"]
[WhiteTeam "Casa de Venezuela Ebano"]
[BlackTeam "Canarias 64"]
[WhiteTeamCountry "ESP"]
[BlackTeamCountry "ESP"]

1. d4 Nf6 2. Bg5 Ne4 3. Bf4 c5 4. f3 Qa5+ 5. c3 Nf6 6. Nd2 cxd4 7. Nb3 Qb6 8. Qxd4 Nc6 9. Qxb6 axb6 10. e4 d6 11. Bb5 e5 12. Be3 Be6 13. Nd2 Nd7 14. Nc4 Be7 15. a4 Bxc4 16. Bxc4 0-0 17. Ne2 Nc5 18. Bb5 Na7 19. 0-0 Nxb5 20. axb5 h6 21. Ng3 Rfc8 22. Nf5 Bf8 23. Rfd1 Rxa1 24. Rxa1 Kh7 25. Ra7 g6 26. Bxc5 dxc5 27. Ne3 c4 28. Kf1 Rc5 29. Rxb7 Rxb5 30. Nxc4 Rc5 31. Ne3 Ra5 32. Rxf7+ Kg8 33. Rd7 Ra2 34. Rd2 b5 35. Ke2 b4 36. Nc4 bxc3 37. bxc3 Rxd2+ 38. Kxd2 Bg7 39. Kd3 Kf7 40. Ne3 Ke6 41. Kc4 h5 42. Kb5 Bh6 43. Nd5 Bg5 44. c4 Bd8 45. c5 Kd7 46. c6+ Kd6 47. c7 1-0

[Event "Tenerife-chT Preferente 1617"]
[Site "Tenerife"]
[Date "2017.03.18"]
[Round "9.3"]
[White "Arnaiz Yanes, Miguel Angel"]
[Black "Meneses Gonzalez, Kevin Moises"]
[Result "1/2-1/2"]
[WhiteElo "1936"]
[BlackElo "2305"]
[PlyCount "90"]
[EventDate "2016.12.10"]
[EventType "team-tourn"]
[EventRounds "14"]
[EventCountry "ESP"]
[SourceTitle "EXT 2018"]
[Source "ChessBase"]
[SourceDate "2017.10.13"]
[SourceVersion "1"]
[SourceVersionDate "2017.10.13"]
[SourceQuality "1"]
[WhiteTeam "Canarias 64"]
[BlackTeam "Cajacanarias"]
[WhiteTeamCountry "ESP"]
[BlackTeamCountry "ESP"]

1. d4 Nf6 2. Nf3 g6 3. Bg5 Bg7 4. e3 0-0 5. Bd3 d6 6. Nbd2 Nc6 7. c3 e5 8. dxe5 dxe5 9. Ne4 Bg4 10. 0-0 Qe7 11. Qe2 a5 12. h3 Be6 13. Nfd2 Rfd8 14. f4 Bf5 15. g4 Bxe4 16. Nxe4 Rd6 17. Nxd6 cxd6 18. f5 e4 19. Bc4 Ne5 20. fxg6 hxg6 21. Bd5 Nf3+ 22. Rxf3 exf3 23. Qxf3 Qe5 24. Bxf6 Bxf6 25. Rf1 Re8 26. Bxb7 Kg7 27. Kg2 Re7 28. Bd5 Qg5 29. e4 a4 30. Rf2 a3 31. b4 Rc7 32. c4 Bd4 33. Re2 Qc1 34. Qf1 Qc3 35. Qe1 Rxc4 36. Qxc3 Rxc3 37. b5 Kf6 38. Rd2 Be3 39. Re2 Bc5 40. h4 g5 41. h5 Rc1 42. Kh3 Rc3+ 43. Kg2 Rc1 44. Kh3 Rc3+ 45. Kg2 Rc1 1/2-1/2